Fictive Tautonyms - Statistics

General Stats
  • This quiz has been taken 9 times
  • The average score is 7 of 18
Answers on the Grid
Answers color-coded by a green-red scale on the quiz's grid according to % correct below.
Pica pica
Capreolus Capreolus
Serpens serpens
Canis Canis
Anser anser
Rattus rattus
Mustela mustela
Salmo salmo
Felis felis
Alces Alces
Bison bison
Bufo bufo
Gorilla gorilla
Columba columba
Phoca phoca
Meles meles
Vulpes Vulpes
Rangifer rangifer
Lynx lynx
Testudo testudo
Ursus ursus
Naja naja
Hyaena hyaena
Bubo bubo
 
Answer Stats
Answer % Correct
Pica pica
75%
Alces Alces
50%
Bubo bubo
50%
Bufo bufo
50%
Capreolus Capreolus
50%
Gorilla gorilla
50%
Meles meles
50%
Rattus rattus
50%
Vulpes Vulpes
50%
Anser anser
25%
Bison bison
25%
Hyaena hyaena
25%
Lynx lynx
25%
Naja naja
25%
Phoca phoca
25%
Testudo testudo
25%
Rangifer rangifer
0%
Salmo salmo
0%
No matching quizzes found
Score Distribution
Percent of People with Each Score
Percentile by Number Answered
Your Score History
You have not taken this quiz